| 000 | 00536nam a2200193Ia 4500 | ||
|---|---|---|---|
| 999 |
_c7455 _d7455 |
||
| 008 | 200103s 1992 ||||xx |||||||||||||| ||und|| | ||
| 020 | _a9780713132540 | ||
| 082 |
_a621.811 _bHAN |
||
| 100 | _aHannah, John | ||
| 245 | 0 | _aMechanics of machines: elementary theory and examples | |
| 250 | _a2nd | ||
| 260 |
_bEdward Arnold _c1992 _aLondon |
||
| 300 | _aviii, 456 p.: ill. | ||
| 650 | _aMachinery | ||
| 650 | _aMechanics, Applied | ||
| 650 | _aMechanical engineering | ||
| 700 |
_aStephens, R. C. _eCo-author |
||
| 942 | _cBK | ||